Normal view
MARC view
Entry Nombre personal
001 - NÚMERO DE CONTROL
- campo de control: 19055
003 - IDENTIFICADOR DE NÚMERO DE CONTROL
- campo de control: OSt
005 - FECHA Y HORA DE LA ÚLTIMA TRANSACCIÓN
- campo de control: 20230222191859.0
008 - ELEMENTOS DE DATO DE LONGITUD-FIJA
- campo de control de longitud fija: 040826 n acnnnaaan n ann d
040 ## - FUENTE DE CATALOGACIÓN
- Centro catalogador/agencia de origen: OSt
- Centro/agencia transcriptor: OSt
100 0# - ENCABEZAMIENTO-NOMBRE DE PERSONA
- Nombre de persona: Al-Razi, Isa ibn Ahmad
400 0# - TRAZADO DE VÉASE--NOMBRE DE PERSONA
- Nombre de persona: Isa Ibn Anmad Al-Razi
400 0# - TRAZADO DE VÉASE--NOMBRE DE PERSONA
- Nombre de persona: Razi, Isa ibn Anmad Al-
